Η βιομηχανική αρχαιολογία

Αποθηκεύτηκε σε:
Λεπτομέρειες βιβλιογραφικής εγγραφής
Κύριος συγγραφέας: Pinard, Jacques
Άλλοι συγγραφείς: Σπανός, Γιώργος Η. (Μεταφραστής)
Μορφή: Βιβλίο
Γλώσσα:Greek
French
Δημοσίευση: Αθήνα : Πολιτιστικό Τεχνολογικό Ιδρυμα ΕΤΒΑ, 1991.
Θέματα:
Ετικέτες: Προσθήκη ετικέτας
Δεν υπάρχουν, Καταχωρήστε ετικέτα πρώτοι!

MARC

LEADER 00000cam a2200000 i 4500
001 1/100350
008 950417s1991####gr a 000 | gre||
020 |a 960244021X  
035 |l 10011664 
040 |a GR-MY-UA  |b gre  |e aacr 
041 1 |a gre  |h fre 
082 0 |a 609   |2 (21)  
100 1 |a Pinard, Jacques. 
245 1 2 |a Η βιομηχανική αρχαιολογία /   |c Jacques Pinard ; μετάφραση: Γεώργιος Σπανός.  
260 |a Αθήνα :   |b Πολιτιστικό Τεχνολογικό Ιδρυμα ΕΤΒΑ,   |c 1991.  
300 |a 164 σ. :   |b εικ. ;   |c 21 εκ.  
500 |a Τίτλος πρωτοτύπου: L'archelogie industrielle.  
504 |a Βιβλιογραφία: σ. [157]-159.  
650 0 0 |a Industrial archaeology. 
700 1 |a Σπανός, Γιώργος Η.  |e trl 
852 |a INST  |b LESVOS  |e 19950417  |h 609 PIN  |p 005100001612  |q 005100001612  |t BK  |y 0 
852 |a INST  |b SYROS  |e 20080522  |h 609 PIN  |p 005500005950  |q 005500005950  |t BK  |y 0 
901 |a BIBL5-2008-2 
909 |a Ε  |b 138738 
909 |a Λ  |b 025861 
922 |a 5ΕΛΗ  |b 200708  |c ΕΠΕΑΕΚ2/ΤΜΣΠΣ  |d Σ. ΠΑΤΑΚΗΣ 
922 |a 1ΕΛΗ  |b 199302  |c Δ/Βιβ/κης 
970 |a ΚΟΝΤΟΥ  |b ΠΑΡΑΣΚΕΥΗ  |z 2008/05/22